The Transcendental Temptation (Record no. 6389)

MARC details
000 -LEADER
fixed length control field 00641nam a2200241 a 4500
020 ## - INTERNATIONAL STANDARD BOOK NUMBER
ISBN 0879753625
082 00 - DEWEY DECIMAL CLASSIFICATION NUMBER
Classification number 200.1
Author Cutter KUR
100 ## - MAIN ENTRY--AUTHOR NAME
Author name Kurtz, Paul
245 ## - TITLE STATEMENT
Title The Transcendental Temptation
Sub title A Critique of Religion and the Paranormal
260 ## - PUBLICATION, DISTRIBUTION, ETC. (IMPRINT)
Place of publication New York
Name of publisher Prometheus Book
Year of publication 1986
300 ## - PHYSICAL DESCRIPTION
Number of Pages 500p
500 ## - GENERAL NOTE
General note includes index and biblioraphy
650 ## - SUBJECT ADDED ENTRY--TOPICAL TERM
Topical Term Religion-Philosophy
650 ## - SUBJECT ADDED ENTRY--TOPICAL TERM
Topical Term Religion-Paranormal
942 ## - ADDED ENTRY ELEMENTS (KOHA)
Koha item type Books
700 1# -
-- Kurtz, Paul
Holdings
Collection code Home library Current library Date acquired Cost, normal purchase price Full call number Accession Number Koha item type
  Henry Martyn Institute Library Henry Martyn Institute Library 11/28/2007 100.00 200.1 KUR 014885 Books
                   Copyright © 2026 | Henry Martyn Institute | Hyderabad | TS-500052 | INDIA | Implemented by hmi.edu.in
Hit-Count:

Powered by Koha